000 00618nam a2200229Ia 4500
005 20250508164402.0
008 008 250505s9999 xx 000 0 hin d
020 _a81-7178-908-0
037 _aTextual
040 _aFEDL
_beng
_cFEDL
041 _ahin
_2eng
084 _a891.437, JOS
_qFEDL
100 _aJoshi Manohar Shyam
245 0 _aNetaji kahin
250 _a2
260 _aNew Delhi, India
_bRaj Kamal Prakashan Pvt Ltd
_c2003
300 _a158p
365 _aINR
_b125
650 _aHindi literature-Satire
_9777996
942 _cTEXL
_h891.437, JOS
999 _c1388875
_d1388875